[Event "FRA-ch U12"]
[Site "Calvi"]
[Date "2005.04.17"]
[Round "1"]
[White "Samoun, Florent"]
[Black "Toullec, Renan"]
[Result "1/2-1/2"]
[WhiteElo "1870"]
[BlackElo "1660"]
[PlyCount "70"]
[EventDate "2005.04.??"]
[EventType "swiss"]
[EventRounds "9"]
[EventCountry "FRA"]
[SourceTitle "EXT 2006"]
[Source "ChessBase"]
[SourceDate "2005.11.24"]
[SourceVersion "1"]
[SourceVersionDate "2005.11.24"]
[SourceQuality "1"]

1. e4 e5 2. Nf3 Nc6 3. Bc4 Bc5 4. d3 Nf6 5. Bg5 d6 6. Nbd2 Be6 7. Bb3 h6 8. Bh4 g5 9. Bg3 Nh5 10. Bxe6 fxe6 11. Rf1 Nxg3 12. fxg3 Qe7 13. c3 0-0-0 14. b4 Bb6 15. a4 a5 16. b5 Nb8 17. Nc4 Nd7 18. Rc1 Rhf8 19. Nxb6+ Nxb6 20. c4 Kb8 21. Qc2 Nd7 22. Nd2 Rxf1+ 23. Kxf1 Nc5 24. Nb3 b6 25. Nxc5 dxc5 26. Rd1 Qd6 27. Kg1 Rf8 28. Qc3 Qd4+ 29. Qxd4 exd4 30. Rf1 Rxf1+ 31. Kxf1 e5 32. g4 Kc8 33. Ke2 Kd7 34. Kf3 Ke6 35. g3 Kf6 1/2-1/2

[Event "FRA-chT U20 0304"]
[Site "France"]
[Date "2003.11.22"]
[Round "1"]
[White "Toullec, Renan"]
[Black "Sarfati, Johan"]
[Result "1-0"]
[WhiteElo "1420"]
[BlackElo "1470"]
[PlyCount "31"]
[EventDate "2003.11.??"]
[EventType "team"]
[EventRounds "11"]
[EventCountry "FRA"]
[SourceTitle "EXT 2005"]
[Source "ChessBase"]
[SourceDate "2004.11.15"]
[SourceVersion "1"]
[SourceVersionDate "2004.11.15"]
[SourceQuality "1"]
[WhiteTeam "Toulouse"]
[BlackTeam "Montpellier"]
[WhiteTeamCountry "FRA"]
[BlackTeamCountry "FRA"]

1. e4 e5 2. Nf3 d6 3. Bc4 Nc6 4. Nc3 Bg4 5. h3 Bh5 6. d3 Nd4 7. g4 Bg6 8. Be3 c5 9. Nb5 Qa5+ 10. Nc3 Nf6 11. Qd2 Qb4 12. Bxd4 cxd4 13. Nd1 Nxe4 14. Qxb4 Nc5 15. Qb5+ Kd8 16. b4 1-0